| 000 | 01458ngm a2200361 4500 | ||
|---|---|---|---|
| 003 | dpl | ||
| 005 | 2009021208098.0 | ||
| 007 | DVD | ||
| 008 | ||||||sp199 xxu|||||c|||| 00| 0 eng d | ||
| 010 | _aDVD-001621 | ||
| 024 |
_aMGM 1009 _c499.00 |
||
| 035 | _aDVD-001621 | ||
| 040 |
_aDPL _cDPL |
||
| 082 | _aDVD / TERM | ||
| 245 |
_aThe Termibnator _cPacific Westaern Presents _h[videorecording] DVD/ |
||
| 260 | _b20th Century Fox Home Entertainment | ||
| 300 |
_a1 videodisc DVD; (107 min.) : _bsd., col. ; _c4 3/4 in. _fDVD |
||
| 440 | _a20th Centyry Fox Home Entertainment | ||
| 500 | _aSole Distributor in India M/s. Excel Productions Autio Visuals Pvt. Ltd. | ||
| 500 | _aThis DVD is Copy Protected | ||
| 538 | _aDolby Digital 5.1-English Subtitles: English, Korean, Mandarin, Thai,Bhashi | ||
| 538 | _aAspect Ratio: 2.35:1, Presentation type: Wide Screne, Presentation Size 16x9, Format DVD 9 Dual Layer Single Sided Disc. | ||
| 650 | _aMothin Picture | ||
| 700 | _aSchwarzenegger, Arnold | ||
| 700 | _aCameron, James | ||
| 700 | _aBiehin, Michael | ||
| 700 | _aHamilton, Linda | ||
| 700 | _aWinefield, Paul | ||
| 700 | _aWinston, Stan | ||
| 942 |
_cCF _2ddc _hDVD _mTERM |
||
| 999 |
_c23530 _d23530 |
||